000 01062cam a2200325 a 4500
001 3770131
003 OSt
005 20250901165801.0
008 840607s1984 nyuaf 000 0aeng
010 _a 83043180
020 _a0394510534 :
_c$16.95
040 _aDLC
_cDLC
_dDLC
043 _an-us---
050 0 0 _aPN 4874 .M5865 A33 1984
_bA33 1984
082 0 0 _a070/.92/4
_aB
_219
100 1 _aMorrow, Lance.
245 1 4 _aThe chief :
_ba memoir of fathers and sons /
_cLance Morrow.
250 _a1st ed.
260 _aNew York :
_bRandom House,
_cc1984.
300 _a249 p., [8] p. of plates :
_bill. ;
_c25 cm.
600 1 0 _aMorrow, Lance.
600 1 0 _aMorrow, Hugh.
600 1 0 _aRockefeller, Nelson A.
_q(Nelson Aldrich),
_d1908-1979.
650 0 _aJournalists
_zUnited States
_xBiography.
650 0 _aVice-Presidents
_zUnited States
_xBiography.
650 0 _aGovernors
_zNew York (State)
_xBiography.
651 0 _aUnited States
_xPolitics and government
_y1945-1989.
906 _a7
_bcbc
_corignew
_d1
_eocip
_f19
_gy-gencatlg
942 _2lcc
_cBK
999 _c9201
_d9201